000 00563nam a22001937a 4500
003 UA-OsUOA
001 41537
007 ta
008 20080919b un ||||| |||| 00| 0 ukr d
090 _a27
_bТ16
942 _cBR
040 _aUA-OsUOA
_bukr
_cUA-OsUOA
_dUA-OsUOA
245 _aТаллін. Естонія. Пасторальний комплекс. Запрошення до співпраці.
955 _a4
041 _aukr
080 _a27
650 7 _a27 Загальна історія Християнської церкви
_2UDC
999 _c440037
_d440037